000 00413nam a2200181Ia 4500
001 10526
005 20260306161838.0
008 260306t1966||||xx |||||||||||||| ||spa||
041 _aESP
082 _a940.1
_bP82
100 _aPower, Eileen
_eAUT
245 0 _aGente de la Edad Media
260 _c1966
300 _a287 páginas :
_c18 cm.
650 _aGEN
654 _aCHU
942 _cLIB
_dJUS
_fJUS
_2ddc
_n
999 _c10526
_d10526